header

Building e-commerce sites with Drupal Commerce cookbook (Record no. 37195)

MARC details
000 -LEADER
fixed length control field 01384nam a2200337 a 4500
100 1# - MAIN ENTRY--AUTHOR NAME
Personal name Carter, Richard.
245 10 - TITLE STATEMENT
Title Building e-commerce sites with Drupal Commerce cookbook
260 ## - PUBLICATION, DISTRIBUTION, ETC. (IMPRINT)
Place of publication Birmingham :
Name of publisher Packt Pub.,
Year of publication 2013.
300 ## - PHYSICAL DESCRIPTION
Number of Pages iii, 189 p. :
Other physical details col. ill.
490 0# - SERIES STATEMENT
Series statement Open source : community experience distilled
500 ## - GENERAL NOTE
General note Includes index.
General note "Over 50 recipes to help you build engaging, responsive e-commerce sites with Drupal Commerce."
650 #0 - SUBJECT ADDED ENTRY--TOPICAL TERM
Topical Term Open source software.
Topical Term Electronic commerce.
Topical Term Web sites
856 40 - ELECTRONIC LOCATION AND ACCESS
Uniform Resource Identifier http://site.ebrary.com/lib/rucke/Doc?id=10728420

No items available.

© 2026 Rongo University
Contact us: librarian | system librarian | Rongo university